000 00257nam a22001097a 4500
008 170111b xxu||||| |||| 00| 0 eng d
020 _a0397540809
041 _aeng
080 _a618.2
245 _aNURSING CARE PLANNING
_cLITLLE & CARNEVALI
942 _2udc
_cBK
999 _c2688
_d2688